000
00330pab a2200145 454500
008
180718b2001 xxu||||| |||| 00| 0 eng d
100
_a
George, Varughese
245
_a
Globalisation and Kerala society
260
_c
2001
300
_a
p.5-6
362
_a
9 Dec
650
_a
Globalization
773
_a
Janata
909
_a
50906
999
_c
50906
_d
50906